<?xml version="1.0" encoding="UTF-8"?>
<marc:record xmlns:marc="http://www.loc.gov/MARC21/slim">
   <marc:leader>00000nam a2200000 a 4500</marc:leader>
   <marc:datafield ind1="1" ind2=" " tag="100">
      <marc:subfield code="a">Walker, Martin</marc:subfield>
      <marc:subfield code="4">aut</marc:subfield>
      <marc:subfield code="e">Verfasser/-in</marc:subfield>
   </marc:datafield>
   <marc:datafield ind1="0" ind2="0" tag="245">
      <marc:subfield code="a">Menu surprise</marc:subfield>
   </marc:datafield>
   <marc:datafield ind1="0" ind2="0" tag="245">
      <marc:subfield code="b">der elfte Fall für Bruno, Chef de police</marc:subfield>
   </marc:datafield>
   <marc:datafield ind1=" " ind2="1" tag="264">
      <marc:subfield code="b">Diogenes</marc:subfield>
      <marc:subfield code="c">2019</marc:subfield>
   </marc:datafield>
   <marc:datafield ind1="1" ind2=" " tag="490">
      <marc:subfield code="a">Bruno</marc:subfield>
   </marc:datafield>
   <marc:datafield ind1="1" ind2=" " tag="520">
      <marc:subfield code="a">Bruno steht vor einer ungewohnten Herausforderung: Er soll in Pamelas Kochschule Feriengästen lokale Geheimrezepte beibringen. Die Messer sind gewetzt, die frischen Zutaten bereit, doch die prominenteste Kursteilnehmerin fehlt, die junge Frau eines britischen Geheimdienstoffiziers, die sich auf Empfehlung ihrer Familie im Périgord erholen wollte. Bruno spürt sie auf - in einem vermeintlichen Liebesnest, das jedoch bald zum Schauplatz eines Doppelmordes wird.</marc:subfield>
   </marc:datafield>
   <marc:datafield ind1=" " ind2=" " tag="020">
      <marc:subfield code="a">9783257070637</marc:subfield>
      <marc:subfield code="9">9783257070637</marc:subfield>
   </marc:datafield>
</marc:record>
